| 000 | 01880cam a2200313 i 4500 | ||
|---|---|---|---|
| 003 | SA-RiAUC | ||
| 005 | 20250907132925.0 | ||
| 008 | 250905s2009 ua f b 00010 ara c | ||
| 020 | _a9776048595 | ||
| 024 | 0 | _a00000000698559 | |
| 040 |
_aSA-MaUQU _bara _cSA-RiAUC _dKAC _erda |
||
| 043 | _aa-su--- | ||
| 050 | 4 | _bI83 2009 | |
| 082 | 0 | 4 |
_a953.122 _qSA-RiAUC |
| 090 |
_a953.122 _bع ي س |
||
| 100 | 1 |
_aعيسى، عبد الرازق عبد الرازق، _d1968- _eمؤلف. |
|
| 245 | 1 | 0 |
_aدراسات ورسائل في تاريخ المدينة المنورة / _cالدكتور عبد الرازق عبد الرازق عيسى. |
| 250 | _aالطبعة الأولى. | ||
| 264 | 1 |
_aالقاهرة : _bمكتبة دار القاهرة، _c2009. |
|
| 300 |
_a449 صفحة ؛ _c24 × 17 سم |
||
| 336 |
_aنص _btxt _2rdacontent _3كتاب |
||
| 337 |
_aبدون وسيط _bn _2rdamedia |
||
| 338 |
_aمجلد _bnc _2rdacarrier |
||
| 504 | _aيشتمل على إرجاعات ببليوجرافية. | ||
| 520 | _aيتناول كتاب (دراسات ورسائل في تاريخ المدينة المنورة) والذي قام بتأليفه (عبد الرازق عبد الرازق عيسى) في حوالي (449) صفحة من القطع المتوسط موضوع (أحوال اجتماعية المدينة المنورة) مستعرضا أبرز المحتويات التالية : المدينة في القرآن الكريم، إلماحه على مؤرخي المدينة المنورة، موارد نور الدين المسهودي في كتابة وفاء والوفاء، الحياة الاجتماعية في المدينة المنورة في العصر العثماني. | ||
| 651 | 7 |
_aالمدينة المنورة _xأحوال اجتماعية _xتاريخ _2aucsh |
|
| 942 |
_2ddc _cBOOK _n0 |
||
| 949 |
_aSA-JeALM _d250905 _umohamedma123 _n1 |
||
| 999 |
_c11492 _d11492 |
||